Random Geography Quiz - G _ _ _ _ _ _ - Statistics

General Stats
  • This quiz has been taken 374 times
  • The average score is 10 of 20
Answer Stats
Hint Answer % Correct
Atlanta or Tbilisi Georgia
97%
Scottish city Glasgow
90%
Traditional boat in Venice Gondola
87%
Caribbean country Grenada
86%
The founder of Mongol Empire: _______ Khan Genghis
83%
'Thank you' in Spanish Gracias
82%
Once split into East and West Germany
79%
Large brown bear in North America Grizzly
76%
Spanish province, one letter changed from ^ Granada
69%
Massive dense ice block moving by its own weight Glacier
68%
Airport serving London Gatwick
62%
District in Seoul known for Park Jae-sang's song Gangnam
49%
God of wisdom, knowledge and new beginnings in Hinduism Ganesha
31%
State in India Gujarat
24%
Region in northern part of Israel Galilee
14%
Main archipelago of Kiribati Gilbert
12%
South African province where Pretoria and Johannesburg is located Gauteng
8%
Autonomous region in China Guangxi
6%
Lower region of Luxembourg Gutland
1%
Neighbourhood in Dubai Garhoud
0%
No matching quizzes found
Score Distribution
Percent of People with Each Score
Percentile by Number Answered
Your Score History
You have not taken this quiz